[Event "SRI-chB"]
[Site "Malabe"]
[Date "2015.06.28"]
[Round "9"]
[White "Sathkumara, SMSC"]
[Black "Priyadarshana, Y Danushka"]
[Result "1/2-1/2"]
[WhiteElo "1486"]
[BlackElo "1641"]
[PlyCount "64"]
[EventDate "2015.06.19"]
[EventType "swiss"]
[EventRounds "10"]
[EventCountry "SRI"]
[SourceTitle "CBM 167 Extra"]
[Source "ChessBase"]
[SourceDate "2015.09.14"]
[SourceVersion "1"]
[SourceVersionDate "2015.09.14"]
[SourceQuality "1"]

1. e4 d5 2. exd5 Qxd5 3. Nc3 Qd8 4. d4 Nf6 5. Nf3 Bf5 6. Bc4 c6 7. Ne5 e6 8. 0-0 Bd6 9. Bf4 Qc7 10. Re1 0-0 11. h3 Nd5 12. Bxd5 exd5 13. Qf3 f6 14. Nd3 Bxd3 15. Bxd6 Qxd6 16. Qxd3 Na6 17. Qd2 Rae8 18. a3 Qd7 19. Ne2 Re7 20. Ng3 Rfe8 21. Rxe7 Rxe7 22. Re1 g6 23. Kf1 Qe8 24. Rxe7 Qxe7 25. Qd1 Nc7 26. Qg4 Qe6 27. Nh5 Kf7 28. Qf4 Qe7 29. Ng3 Nb5 30. Qh6 Kg8 31. c3 Nd6 32. Qc1 Nc4 1/2-1/2